Govt. of
Madhya Pradesh

Upnisads-What Do They say? (Record no. 782)

MARC details
000 -LEADER
fixed length control field 003390000a22001570004500
001 - CONTROL NUMBER
control field 000784
003 - CONTROL NUMBER IDENTIFIER
control field MACL
040 ## - CATALOGING SOURCE
Original cataloging agency MACL
090 ## - LOCALLY ASSIGNED LC-TYPE CALL NUMBER (OCLC); LOCAL CALL NUMBER (RLIN)
-- 784
-- 784
100 ## - MAIN ENTRY--PERSONAL NAME
Personal name Narasimhan, P.S.
245 ## - TITLE STATEMENT
Title Upnisads-What Do They say?
Statement of responsibility, etc. P.S. Narasimhan
260 ## - PUBLICATION, DISTRIBUTION, ETC. (IMPRINT)
Place of publication, distribution, etc. V.M. Lakshminarayan,
Date of publication, distribution, etc. 1997
350 ## - PRICE (NR) (BK AM CF MU VM SE) [OBSOLETE]
Price 50
650 ## - SUBJECT ADDED ENTRY--TOPICAL TERM
Topical term or geographic name as entry element Religion
942 ## - ADDED ENTRY ELEMENTS (KOHA)
Call number prefix 294
Koha item type Library Membar
Holdings
Withdrawn status Lost status Source of classification or shelving scheme Damaged status Not for loan Home library Current library Date acquired Total Checkouts Full call number Barcode Date last seen Uniform Resource Identifier Price effective from Koha item type
          MACL MACL 15/04/2015   294.921/NAR CRE012200 02/05/2024 783 15/04/2015 Books